| 000 | 01226cad a22002775a 4500 | ||
|---|---|---|---|
| 001 | L158234 | ||
| 008 | 130206s2014 xxk f 000 0 eng d | ||
| 020 | _a9781783210596 | ||
| 035 | _a(Sirsi) u158234 | ||
| 041 | 0 | _aeng | |
| 110 | 2 |
_aRoyal Institution of Chartered Surveyors _94900 |
|
| 245 |
_aTendering strategies _h[electronic resource] |
||
| 250 | _a1st ed | ||
| 260 |
_aLondon _bRICS _c2014 |
||
| 300 | _a24p | ||
| 490 | 0 | _aRICS Guidance Note | |
| 490 | 0 | _aRICS Black Book | |
| 520 | _aEffective 1st January 2015. This guidance note summarises what tendering is and how tendering processes are used to establish a contract price. It also reviews different types of tendering and negotiation strategies and their advantages and disadvantages. It seeks to enhance the knowledge and understanding of the tendering and negotiation processes involved in procurement. | ||
| 590 | _aKA | ||
| 650 | 2 | 4 | _aRICS BLACK BOOK |
| 650 | 2 | 4 | _aRICS QS AND CONSTRUCTION STANDARDS |
| 651 | 4 | _aUnited Kingdom | |
| 690 |
_aProcurement _96260 |
||
| 856 | 4 | 0 |
_uhttps://www.rics.org/uk/upholding-professional-standards/sector-standards/construction/black-book/tendering-strategies/ _zAvailable free on RICS.org |
| 942 |
_n0 _2ddc |
||
| 999 |
_c115215 _d115215 |
||